Countries that Claim to be Undemocratic - Statistics

General Stats
  • This quiz has been taken 25 times
  • The average score is 6 of 7
Answer Stats
Hint Answer % Correct
Middle East Saudi Arabia
100%
Middle East UAE
92%
Middle East Oman
88%
Middle East Qatar
88%
Central Asia Afghanistan
80%
Europe Vatican
76%
Southeast Asia Brunei
64%
No matching quizzes found
Score Distribution
Percent of People with Each Score
Percentile by Number Answered
Your Score History
You have not taken this quiz